000 00234nam a22000857a 4500
008 161207b xxu||||| |||| 00| 0 eng d
100 _91914
_aMittal. R. S
245 _aNew course Science Physics
260 _aNew delhi
_bArya publication
_c2007
999 _c4680
_d4680